Welcome to CU Library Online Public Access Catalogue (OPAC)

Artificial intelligence : (Record no. 431)

MARC details
000 -LEADER
fixed length control field 00705cam a2200205 a 4500
001 - CONTROL NUMBER
control field 15920049
005 - DATE AND TIME OF LATEST TRANSACTION
control field 20241031094543.0
008 - FIXED-LENGTH DATA ELEMENTS--GENERAL INFORMATION
fixed length control field 090924s2010 nyua b 001 0 eng
020 ## - INTERNATIONAL STANDARD BOOK NUMBER
International Standard Book Number 9780521519007 (hardback)
050 00 - LIBRARY OF CONGRESS CALL NUMBER
Classification number Q342
Item number .P66 2010
082 00 - DEWEY DECIMAL CLASSIFICATION NUMBER
Classification number 006.3
Edition information 22
100 1# - MAIN ENTRY--PERSONAL NAME
Personal name Poole, David L.
Fuller form of name (David Lynton),
Dates associated with a name 1958-
245 10 - TITLE STATEMENT
Title Artificial intelligence :
Remainder of title foundations of computational agents /
Statement of responsibility, etc. David L. Poole, Alan K. Mackworth.
260 ## - PUBLICATION, DISTRIBUTION, ETC.
Place of publication, distribution, etc. New York :
Name of publisher, distributor, etc. Cambridge University Press,
Date of publication, distribution, etc. 2010.
300 ## - PHYSICAL DESCRIPTION
Extent xvii, 662 p. :
Other physical details ill. ;
Dimensions 26 cm.
650 #0 - SUBJECT ADDED ENTRY--TOPICAL TERM
Topical term or geographic name entry element Computational intelligence
Form subdivision Textbooks.
650 #0 - SUBJECT ADDED ENTRY--TOPICAL TERM
Topical term or geographic name entry element Artificial intelligence
Form subdivision Textbooks.
700 1# - ADDED ENTRY--PERSONAL NAME
Personal name Mackworth, Alan K.
942 ## - ADDED ENTRY ELEMENTS (KOHA)
Source of classification or shelving scheme Library of Congress Classification
Koha item type Books
Suppress in OPAC No
999 ## -
-- 431
-- 431
Holdings
Withdrawn status Lost status Source of classification or shelving scheme Damaged status Not for loan Collection Home library Current library Shelving location Date acquired Total checkouts Full call number Barcode Date last seen Copy number Price effective from Koha item type
    Library of Congress Classification     Non-fiction Science Library (Miotso) Science Library (Miotso) General stacks 10/31/2024   Q342 .P66 2010 SLM00000209 10/31/2024 1 10/31/2024 Books
    Library of Congress Classification     Non-fiction Science Library (Miotso) Science Library (Miotso) General stacks 10/31/2024   Q342 .P66 2010 SLM00000210 10/31/2024 2 10/31/2024 Books
    Library of Congress Classification     Non-fiction Science Library (Miotso) Science Library (Miotso) General stacks 10/31/2024   Q342 .P66 2010 SLM00000211 10/31/2024 3 10/31/2024 Books
    Library of Congress Classification     Non-fiction Science Library (Miotso) Science Library (Miotso) General stacks 10/31/2024   Q342 .P66 2010 SLM00000212 10/31/2024 4 10/31/2024 Books
    Library of Congress Classification     Non-fiction Science Library (Miotso) Science Library (Miotso) General stacks 10/31/2024   Q342 .P66 2010 SLM00000213 10/31/2024 5 10/31/2024 Books
© 2023-2024 Copyright: Central University Libraries. All Rights Reserved | Created by: Mahone Tech Office